Đánh giá hiện trạng và thách thức tương lai trong khai thác nước dưới đất phục vụ cấp nước sinh hoạt nghiên cứu thí điểm tỉnh Trà Vinh : Luận văn tốt nghiệp Cao học. Chuyên ngành Quản lý môi trường

Đề tài nghiên cứu mức độ đáp ứng của nguồn nước dưới đất cho cấp nước sinh hoạt trong điều kiện hiện nay và các thách thức trong tương lai tại thành phố Trà Vinh.

Đã lưu trong:
書目詳細資料
主要作者: Vương, Tuấn Phong
格式: 圖書
語言:Undetermined
出版: Cần Thơ Trường Đại học Cần Thơ 2015
主題:
標簽: 添加標簽
沒有標簽, 成為第一個標記此記錄!
Thư viện lưu trữ: Trung tâm Học liệu Trường Đại học Cần Thơ
LEADER 01236nam a2200217Ia 4500
001 CTU_205911
008 210402s9999 xx 000 0 und d
082 |a 333.9104 
082 |b Ph431 
088 |a 60850101 
100 |a Vương, Tuấn Phong 
245 0 |a Đánh giá hiện trạng và thách thức tương lai trong khai thác nước dưới đất phục vụ cấp nước sinh hoạt nghiên cứu thí điểm tỉnh Trà Vinh : 
245 0 |b Luận văn tốt nghiệp Cao học. Chuyên ngành Quản lý môi trường 
245 0 |c Vương Tuấn Phong ; Nguyễn Hiếu Trung (Cán bộ hướng dẫn) 
260 |a Cần Thơ 
260 |b Trường Đại học Cần Thơ 
260 |c 2015 
520 |a Đề tài nghiên cứu mức độ đáp ứng của nguồn nước dưới đất cho cấp nước sinh hoạt trong điều kiện hiện nay và các thách thức trong tương lai tại thành phố Trà Vinh. 
650 |a Water resources development,Phát triển tài nguyên nước 
904 |i Hải 
980 |a Trung tâm Học liệu Trường Đại học Cần Thơ